Lenguaje y comunicación: programa de estudio, séptimo año básico NB5
Đã lưu trong:
| Tác giả của công ty: | |
|---|---|
| Định dạng: | Sách |
| Ngôn ngữ: | Tiếng Tây Ban Nha |
| Được phát hành: |
Santiago
Ministerio de Educación
2000
|
| Loạt: | Educación Básica, 7
|
| Những chủ đề: | |
| Các nhãn: |
Thêm thẻ
Không có thẻ, Là người đầu tiên thẻ bản ghi này!
|
MARC
| LEADER | 00000nam a2200000 a 4500 | ||
|---|---|---|---|
| 001 | UCN0770 | ||
| 003 | CL-VaPUC | ||
| 008 | 010330e20000000CL |||||||||||||||||spa|d | ||
| 020 | |a 956793343X | ||
| 082 | 0 | 4 | |a 372.6 |b MIN |2 21 |
| 110 | 2 | |a Ministerio de Educación |e author |9 455986 | |
| 245 | 1 | 0 | |a Lenguaje y comunicación: programa de estudio, séptimo año básico NB5 |
| 300 | |a 211 p | ||
| 942 | |c BK | ||
| 945 | |d 20010330 00:00:00 |a vberengu | ||
| 260 | |a Santiago |b Ministerio de Educación |c 2000 | ||
| 650 | 0 | |a Educación básica |9 224933 | |
| 650 | 0 | |a Programas de educación |9 339040 | |
| 650 | 0 | |a Lingüística |9 265068 | |
| 583 | |a last modification |c 20170527 22:39:07 |k Rodrigo Vera | ||
| 490 | 0 | |a Educación Básica, 7 | |
| 999 | |c 294397 |d 294395 | ||
| 952 | |0 0 |1 0 |4 0 |6 372_600000000000000_MIN_2000 |7 0 |8 R |9 346766 |a BIBEDU |b BIBEDU |d 2019-11-20 |i 3706486 |o 372.6 MIN 2000 |p 3706486 |r 2019-11-20 |w 2019-11-20 |y BK_R |k BME | ||
| 952 | |0 0 |1 0 |4 0 |6 372_600000000000000_MIN_2000 |7 0 |8 R |9 346767 |a BIBEDU |b BIBEDU |d 2019-11-20 |i 3778177 |o 372.6 MIN 2000 |p 3778177 |r 2019-11-20 |w 2019-11-20 |y BK_R |k EPE | ||
| 952 | |0 0 |1 0 |4 0 |6 372_600000000000000_MIN_2000 |7 0 |8 R |9 346768 |a BIBEDU |b BIBEDU |d 2019-11-20 |i 3778185 |o 372.6 MIN 2000 |p 3778185 |r 2019-11-20 |w 2019-11-20 |y BK_R |k EPE | ||
| 952 | |0 0 |1 0 |4 0 |6 372_600000000000000_MIN_2000 |7 0 |8 R |9 346769 |a BIBEDU |b BIBEDU |d 2019-11-20 |i 4033019 |o 372.6 MIN 2000 |p 4033019 |r 2019-11-20 |w 2019-11-20 |y BK_R |k EBA | ||